Hangman - Country Quiz Stats

 Plays Quiz not verified by Sporcle

Support Sporcle.
Go Orange.
Score 0/36 Timer 03:00
0 Plays Today
% Correct
???
99.9%
???
99.9%
???
99.7%
???
99.7%
???
99.4%
???
99.4%
???
99.4%
???
99.3%
???
99.3%
???
99.3%
???
99.3%
???
99.2%
???
99.2%
???
99.2%
???
99.2%
???
98.9%
???
98.9%
???
98.6%
% Correct
???
98.6%
???
94.4%
???
94.4%
???
92.3%
???
91.5%
???
91%
???
87.3%
???
87.1%
???
82.7%
???
78.5%
???
77.7%
???
76.2%
???
69.6%
???
48.7%
???
38.8%
???
34.4%
???
18%
???
8.2%

You're not logged in!

Compare scores with friends on all Sporcle quizzes.
OR
Log In

From the Vault

Reindeer, Hobbits, and the Zodiac

by HarveyNerdman

If all of these converged on Middle Earth, who knows what would happen?
Remove Ads.
Support Sporcle.
Get the best of Sporcle when you Go Orange. This ad-free experience offers more features, more stats, and more fun while also helping to support Sporcle. Thank you for becoming a member.

Show Comments

Extras

Top Quizzes Today


Score Distribution

Your Account Isn't Verified!

In order to create a playlist on Sporcle, you need to verify the email address you used during registration. Go to your Sporcle Settings to finish the process.

Report this User

Report this user for behavior that violates our Community Guidelines.

Details: